000 nam a22 7a 4500
999 _c4468
_d4468
005 20180414023430.0
008 180123b xxu||||| |||| 00| 0 eng d
020 _a9786219560986
_bpaperback
040 _beng
_cAPEC Schools Library
_erda
082 _aC 001.4
_bJ487pt 2017
100 1 _aJerusalem, Violeta L.
245 1 0 _aPractical research 2 :
_bexploring quantitative research /
_cVioleta L. Jerusalem [and four others].
264 _aManila, PH :
_bFastbooks Educational Supply,
_c©2017.
_d[2017].
300 _axviii, 364 pages :
_bsome illustrations ;
_c26 cm
336 _2rdacontent
_atext
337 _2rdamedia
_aunmediated
338 _2rdacarrier
_avolume
504 _aIncludes bibliographical references.
505 0 _aPreface iii -- Curriculum Guide v -- Table of Contents xi -- Introduction 1 -- Chapter 1 Nature of Inquiry and Research 5 -- Chapter 2 Identifying Inquiry and Stating the Problem 47 -- Chapter 3 Learning from Others and Reviewing the Literature 117 -- Chapter 4 Understanding Data and Ways to Systematically Collect Data 177 -- Chapter 5 Finding Answers through Data Collection 261 -- Reporting and Sharing of Findings 287 -- Qualitative Research Glossary 343 -- References 351 -- Author's Profile 363
520 2 a _aThis book features the step-by-step process of quantitative research. It aims to develop critical thinking and problem-solving skills.
650 _aQualitative research.
650 _aResearch.
678 _aVioleta L. Jerusalem holds a Doctor of Education, major in Educational Management and Master of Business Administration degrees. She is currently the Chairman of GEMSCOR, an international education solutions provider and a visiting graduate professor at Holy Angel University.
678 _aMiriam Del Rosario-Garcia, retired as the Executive Director at FEU Cavite (Far Eastern College-Silang). Dr. Garcia is a graduate of the University of Santo Tomas with a Bachelor of Science in Education, major in English, minor in Mathematics degree.
678 _aAmelita Delor Reyes holds a Doctor of Technology in Academics and a Master of Arts in Education. Dr. Delos Reyes is currently the Dean of Computer Science, Information Technology and Information Systems at Arellano University.
678 _aMarjueve M. Palencia holds a Doctor of Education, major in Educational Administration (ADB) and a Master of Arts in Education major in Curriculum and Instruction (with highest distinction) degrees - both from Far Eastern University, Manila. He also holds a Bachelor of Classical Liberal Arts, major in Philosophy (with honors), and earned units for a Master of Arts in Philosophy at the Ateneo de Manila University. He is Associate Professor II and taught Literature, Philosophy and Humanities for over 20 years at Far Eastern University.
678 _aRoilingel P. Calilung holds a Master of Education in Library Science from the Philippines Normal University, Manila and is presently taking his Doctor of Philosophy in Educational Management. Mr. Calilung is the national president of the Association of Librarians in Public Sector (ALPS), Inc., treasurer of the Philippine Librarians Association, Inc. (PLAI), president of PLAI-Central Luzion Region Librarians Council and founding president (now vice president) of the Librarians Association of Metro Pampanga (LAMP). He is also the head of Technical Services of Angeles City Library and Information Center while teaching part-time at the City College of Angeles.
700 1 _aGarcia, Miriam Del Rosario.
700 1 _aDelos Reyes, Amelita.
700 1 _aPalencia, Marjueve M.
700 1 _aCalilung, Roilengel P.
942 _2ddc
_cBK